000 01445nam a22003137a 4500
003 OSt
005 20250711160039.0
008 220329s2001 ck a|||br|||| 00| f spa d
020 _a9789580460206
040 _aCO-JMCR
_cCO-JMCR
041 1 _aspa
_heng
082 0 4 _aN
_bSCHn
100 1 _aSholes, Katherine,
_eautor
_942036
245 1 3 _aEl niño y la ballena /
_cKatherine Scholes ; traducción de Amparo Carvajal ; ilustraciones de Daniela Violi
260 _aBogotá :
_bNorma,
_c2001.
300 _a79 páginas :
_bilustraciones a color ;
_c20 cm.
490 0 _aTorre de papel roja
500 _aTitulo original : The boy and Whale.
520 0 _aEl niño se acerca a la paya y ve algo que no puede creer: una ballena varada que todavía esta viva. El niño sabe que tiene que ayudarla, pero no sabe como: él está solo con su perra Lucy. y ahora se acercan aquellos dos hombres y quizás quieran hacerle daño a la ballena. Este es un bello relato de audacia y el valor de un niño enfrentando al peligro.
521 _aA partir de 7 años
_bTapa posterior
650 1 4 _a Cuentos africanos
_942038
650 2 4 _aLiteratura infantil africana
_942039
650 2 4 _a Ballenas en la literatura
_942040
650 2 4 _aCuentos infantiles africanos
_942041
650 2 4 _aLibros y lectura para niños
_92184
700 1 _aCarvajal, Amparo,
_etraductora
_942037
700 1 _aVioli, Daniela,
_eilustradora
_91356
942 _2ddc
_cBK
999 _c15860
_d15860